[Event "Cappelle op 36th"]
[Site "Cappelle la Grande"]
[Date "2020.02.27"]
[Round "8"]
[White "Godart, Francois"]
[Black "Martinez Alcantara, Jose Eduardo"]
[Result "1/2-1/2"]
[WhiteElo "2445"]
[BlackElo "2617"]
[Annotator "Primel,D"]
[PlyCount "65"]
[EventDate "2020.02.22"]
[EventType "swiss"]
[EventRounds "9"]
[EventCountry "FRA"]
[SourceTitle "CBM 195 Extra"]
[Source "ChessBase"]
[SourceDate "2020.05.31"]
[SourceVersion "1"]
[SourceVersionDate "2020.05.31"]
[SourceQuality "1"]
[TimeControl "40/5400+30:1800+30"]

1. e4 {[%emt 0:00:49]} c5 {[%emt 0:00:00]} 2. Nf3 {[%emt 0:00:07]} d6 {[%emt 0:
00:00]} 3. d4 {[%emt 0:00:06]} cxd4 {[%emt 0:00:00]} 4. Nxd4 {[%emt 0:00:05]}
Nf6 {[%emt 0:00:00]} 5. Nc3 {[%emt 0:00:05]} a6 {[%emt 0:00:00]} 6. Bg5 {
[%emt 0:00:17]} e6 {[%emt 0:00:51] Une petite surprise car selon les bases, le
péruvien ne jouait que Nbd7} (6... Nbd7 7. Qe2 h6 {Valmana Canto,J (2401)
-Martinez Alcantara,J (2601) Benasque op 39th 2019 (10) 1/2}) 7. f4 {[%emt 0:
02:10]} h6 {[%emt 0:00:01]} 8. Bh4 {[%emt 0:01:03]} Qb6 {[%emt 0:00:01] La
variante du P empoisonné retardée avec l'interposition du coup h6} 9. Qd2 {
[%emt 0:06:47]} (9. a3 Be7 10. Bf2 Qc7 11. Qf3 Nbd7 12. O-O-O b5 13. g4 Bb7 14.
h4 Nc5 15. Bd3 d5 16. e5 Nfe4 17. Be1 O-O-O 18. Kb1 Kb8 19. Qe3 h5 20. g5 g6
21. Bxe4 Nxe4 22. Nxe4 dxe4 23. Bb4 Bd5 24. Bxe7 Qxe7 25. Ne2 Qa7 26. Rd4 Rd7
27. Rhd1 Rhd8 28. c3 Bb3 29. R1d2 Bc4 30. Qxe4 Bxe2 31. Rxd7 Rxd7 32. Qxe2 Rxd2
33. Qxd2 Qg1+ 34. Ka2 Qf1 35. Qd6+ Kb7 36. Qd7+ Kb6 37. Qd4+ Kb7 38. Kb3 Qe2 {
Wei,Y (2737)-Lu,S (2619) Changsha 2019 1-0}) (9. Qd3 Qxb2 10. Rb1 Qa3 11. f5)
9... Qxb2 {[%emt 0:06:53]} 10. Rb1 {[%emt 0:01:11]} Qa3 {[%emt 0:00:01]} 11. f5
{[%emt 0:00:26]} (11. e5 {La grande ligne}) 11... Be7 {[%emt 0:06:52][%cal
Ge7h4]} 12. fxe6 {[%emt 0:03:10]} fxe6 {[%emt 0:00:06]} 13. Bc4 {[%emt 0:02:15]
} Nxe4 $1 {[%emt 0:05:28] Le thème de la variante} 14. Nxe4 {[%emt 0:00:56]}
Bxh4+ {[%emt 0:00:03]} 15. g3 {[%emt 0:00:42]} Bg5 {[%emt 0:00:01]} 16. Nxg5 {
[%emt 0:05:35]} hxg5 {[%emt 0:00:09]} 17. O-O {[%emt 0:30:47] Une position
typique du P empoisonné, les Blancs ont une énorme avance de développement
et on ne donne pas cher de la peau du K Noir. Dans la pratique, les Noirs ont
des ressources étonnantes et des bons résultats. Après avoir joué
rapidement l'ouverture, les Blancs font une longue pause d'une 1/2 heure pour
choisir un plan} (17. Nxe6 {L'alternative qui mène probablement à une nulle
forcée} Bxe6 18. Bxe6 Qxg3+ $1 {La pointe!} 19. hxg3 Rxh1+ 20. Ke2 Rh2+ {
Vallejo Pons,F (2697)-Morozevich,A (2715) Reggio Emilia 53rd 2010 (5) 1/2})
17... Qc5 {[%emt 0:02:41][%cal Gc5c4,Gc5d4] Gagnant un tempo important pour
ramener la Q en défense} 18. Qf2 {[%emt 0:03:50]} Qxc4 {[%emt 0:05:51]} (18...
Nc6 19. Nxe6 Qxf2+ 20. Rxf2 Bxe6 21. Bxe6 $44 {Martinez Duany,L (2470)-Vachier
Lagrave,M (2758) EU-Cup 31st Skopje 2015 (1.2) 1/2}) 19. Qf7+ {[%emt 0:00:51]}
Kd8 {[%emt 0:00:08]} 20. Qxg7 {[%emt 0:00:28]} Re8 {[%emt 0:00:02]} 21. Rf7 {
[%emt 0:01:02]} Bd7 $6 {[%emt 0:13:15]} (21... Nd7 22. Rxb7 Bxb7 23. Rxd7+ Kc8
24. Rxb7 Qxd4+ $1 {[%cal Gd4g1,Gd4g7] La pointe qui simplifie et doit conduire
à une nulle} 25. Qxd4 Kxb7 {Igonin,T (2498)-Zhu,Y (2295) Moscow op-A 2016 (3)
1/2}) 22. Rxb7 {[%emt 0:01:06]} Qa4 {[%emt 0:00:01]} 23. Rb4 $6 $146 {[%emt 0:
15:49]} (23. c4 Kc8 24. Rb3 Ra7 25. Re7 Rxe7 26. Qxe7 Rb7 27. Rf3 Qd1+ {
0-1 (27) Trifan,A (2253)-Gschnitzer,A (2396) Neustadt an der Weinstrasse 2020})
(23. a3 $1 {[%cal Gb7b4] Un coup difficile à trouver devant l'échiquier mais
menaçant Rb4 pour dévier la Q de la défense du Bd7. C'est dommage car les
Blancs ont vu la bonne idée Rb4 pour dévier la Q mais ils pouvaient
l'améliorer avec le coup préparatoire a3. Au surplus, les Noirs peuvent
difficilement exploiter le tempo donné par la poussée a3 car ils sont
proches du zugzwang. Le Nb8 est lié à la protection du Bd7, ainsi que la Q,
les R Noires ne peuvent pas bouger. Le seul coup est Bc8 mais avec un mat en 2.
Malgré un 1/4 d'heure de réflexion, les Blancs n'ont pas vu que les Noirs
étaient en zugzwang et il aurait mieux vallu d'approfondir la réflexion pour
peut-être trouver la pointe 23.a3 Après le 22ème coup, les Blancs avaient
encore 38 mns à la pendule contre une heure pour l'adversaire et ils
pouvaient utiliser 5 à 10 mns supplémentaires pour trouver un meilleur coup
que Rb4 mais peut-être que les Blancs ont vu la suite de la partie qui mène
à une nulle rapide qui est un bon résultat face à un 2600.} Qxa3 (23... Bc8
24. Qf6+ Re7 25. Qxe7#) 24. Rfxd7+) 23... Qxb4 {[%emt 0:08:19]} 24. Rxd7+ {
[%emt 0:00:10] Gagne la Q mais les Blancs vont manquer de matériel pour mater}
Nxd7 {[%emt 0:00:01]} 25. Nc6+ {[%emt 0:00:07]} Kc7 {[%emt 0:04:29]} 26. Nxb4 {
[%emt 0:00:04]} a5 {[%emt 0:01:22]} 27. Qc3+ {[%emt 0:00:38]} Nc5 $132 {
[%emt 0:00:19]} 28. Nd3 {[%emt 0:00:09]} Kc6 $1 {[%emt 0:01:09]} 29. Nxc5 {
[%emt 0:01:31]} dxc5 {[%emt 0:00:07]} 30. Qf3+ {[%emt 0:01:54]} Kb6 {[%emt 0:
03:25]} 31. Qb3+ {[%emt 0:00:59]} Kc6 {[%emt 0:00:03]} 32. Qf3+ {[%emt 0:00:13]
} Kb6 {[%emt 0:00:01]} 33. Qb3+ {[%emt 0:00:44]} 1/2-1/2

[Event "Syre Memorial op 34th"]
[Site "Issy les Moulineaux"]
[Date "2011.06.04"]
[Round "5"]
[White "Bijaoui, Manuel"]
[Black "Guliyev, Namig"]
[Result "1/2-1/2"]
[WhiteElo "2392"]
[BlackElo "2554"]
[Annotator "Primel,D"]
[PlyCount "63"]
[EventDate "2011.06.03"]
[EventType "swiss"]
[EventRounds "6"]
[EventCountry "FRA"]
[SourceTitle "EXT 2012"]
[Source "ChessBase"]
[SourceDate "2011.11.24"]
[SourceVersion "1"]
[SourceVersionDate "2011.11.24"]
[SourceQuality "1"]

1. e4 c5 2. Nf3 d6 3. d4 cxd4 4. Nxd4 Nf6 5. Nc3 a6 6. Bg5 e6 7. f4 h6 (7...
Qb6 8. Qd2 (8. Nb3 {Bijaoui,M (2363)-Vitoux,C (2300) FRA-ch Accession 2006 (3)
1-0})) 8. Bh4 Qb6 $5 {Un ordre de coups astucieux car le MI joue d'habitude
Nb3 face а la variante du P empoisonné} 9. Qd2 (9. a3 $5 {C'est probablement
la ligne critique du système h6 mais depuis le début des années 60, elle ne
semble pas avoir été rejouée а haut niveau.} Nc6 ({RR} 9... Nbd7 10. Bf2 Qc7
11. Qf3 e5 ({RR} 11... b5) 12. Nf5 b5 13. O-O-O g6 14. Ne3 Bb7 15. Bh4 Be7 16.
g3 Rc8 17. Bxf6 Nxf6 18. Bh3 Rd8 19. Ned5 Nxd5 20. Nxd5 Bxd5 21. Rxd5) 10. Bf2
$14 {[%cal Gf2b6,Gf2d4];Tal,M-Olafsson,F Candidates Tournament 1959 (4) 1-0}) (
{RR} 9. Nb3 Qe3+ 10. Be2 Qxf4 ({RR} 10... Nxe4 11. Nxe4 Qxf4) 11. Bg3 Qe3 12.
Bxd6 Nc6 13. Rf1 ({RR} 13. Bxf8 Rxf8 14. Qd2 Qxd2+ 15. Kxd2 Bd7 16. Ke3 O-O-O)
13... Nxe4 14. Nxe4 Qxe4 15. Bxf8 Rxf8 16. Kf2 Bd7 ({RR} 16... Qe5) 17. Qxd7+
Kxd7 18. Nc5+) (9. Qd3 Qxb2 10. Rb1 Qa3 11. e5 Nd5 $132 {[%cal Gd5c3];Keres,
P-Olafsson,F Zuerich 1959 1/2}) 9... Qxb2 $8 {L'avantage de ce sytème pour les
Noirs est qu'il y a encore beaucoup moins de théorie que sur la variante
"pure" du P empoisonné sans h6. Le MI reconnaissait d'ailleurs а l'analyse
avoir été surpris par cette variante dont il ignorait qu'elle était revenue а
la mode.} 10. Nb3 {C'est apparament le système que joue le français contre la
variante du P empoisonné mais avec h6, c'est probablement moins fort que la
ligne principale Rb1} (10. Rb1 $142 Qa3 {RR} 11. f5 ({RR} 11. e5) (11. Be2 $6
Be7 {[%cal Gf6e4,Ge7h4]} 12. Bf2 {Zagorovsky,V-Sergievsky,V RUS Ch 18th Sochi
1958 1-0} (12. O-O)) 11... Be7 12. fxe6 fxe6 13. Bc4 Nxe4 14. Nxe4 Bxh4+ 15. g3
Bg5 16. Nxg5 hxg5 17. Nxe6 Bxe6 18. Bxe6 Qxg3+ 19. hxg3 Rxh1+ 20. Ke2 Rh2+ 21.
Ke1 Rxd2 22. Kxd2 Ra7 23. Bd5 Nd7 24. Rxb7 Rxb7 25. Bxb7 Nc5 {Vallejo Pons,F 
(2697)-Morozevich,A (2715)/Reggio Emilia 2011/CBM 140/1/2-1/2}) 10... Be7 $5 {
[%cal Ge7h4,Gf6e4] le retrait Bh4 après h6 a pour défaut de laisser le B non
protégé et les Noirs menacent de gagner un P par le thème tactique Ne4. Le GMI
était bien préparé car il connaissait cette nouveauté théorique jouée а
Aix-Les-Bains 2 mois auparavant.} (10... Qa3 11. Bd3 Be7 $132 {Gipslis,
A-Kortschnoj,V URS-ch sf Tashkent 1958 0-1}) 11. Bf2 (11. a3 Nxe4 {[%cal Ge7h4,
Gh4e1]} 12. Nxe4 Bxh4+ 13. g3 Bf6 14. Nxd6+ Ke7 15. Ne4 Rd8) (11. Bxf6 Bxf6 12.
Na4 Qa3 13. Nb6 Bxa1 14. Nxa1 Qc5 15. Nxa8 b5) (11. e5 $142 dxe5 {Guseinov,G 
(2584)-Nielsen,P (2670) EU-ch 12th Aix-les-Bains 2011 (3) 1-0}) (11. Bd3 $2
Nxe4 $1 12. Nxe4 Bxh4+ $40) 11... Qa3 $15 {[%csl Ga3] Comme dans la variante
du P empoisonné la Q noire exerce paradoxalement une forte pression sur
l'aile-dame sur cette case} 12. Be2 (12. Bd3 Nc6 $1) 12... O-O 13. O-O $146 (
13. g4 b5 {Bohak,J (2231)-Bustillo,A WCup2 Veterans Preliminary email 2009 1/2}
) 13... d5 $1 {[%cal Ge7b4,Gb4d2,Gf6e4] Les Noirs choisissent de redonner le P
pour activer le B de cases noires et même si les ressources tactiques échouent,
les Noirs auront une bonne finale avec une meilleure structure.} (13... Nc6 $5)
14. exd5 (14. e5 Ne4 15. Nxe4 dxe4 {[%csl Rd2][%cal Gf8d8,Gd8d2]} 16. Qe3 Bd7
17. Qxe4 Bc6 18. Qd3 Rd8 19. Nd4) 14... Bb4 15. Qd4 Bxc3 (15... Nxd5 16. Nxd5
exd5 17. Qxd5 Nc6 $36 {[%cal Gc8e6]}) 16. Qxc3 Ne4 (16... Nxd5 $143 $6 17. Qg3
{[%csl Rg7][%cal Gf2d4,Gf2c5,Gc5a3,Gc5f8,Gd4g7]}) 17. Qe5 (17. Qd3 Nxf2 18.
Rxf2 Rd8 19. c4 Nc6 20. Rd1 (20. Rff1 exd5 21. cxd5 Be6 $1) 20... exd5 (20...
Qxa2 $2 21. Qc3 {[%cal Gd1a1]}) 21. cxd5 Nb4 {[%cal Gb4d3,Gb4d5]} (21... Be6
22. Qc4) 22. Qf3) 17... Nxf2 18. Rxf2 Nd7 {[%cal Gd7e5] Gagnant un tempo de
développement important} 19. Qd4 exd5 20. Qxd5 Nf6 $44 21. Qc5 {Le signe que
la position blanche n'est pas trés saine car le MI n'a pas vraiment d'autre
alternative mais la finale est meilleure pour les Noirs} Qxc5 $1 {[%csl Ra2,
Rc2]} 22. Nxc5 {[%csl Ra8,Rb7,Gc5,Rc8] La phase tactique est terminée et début
de la partie technique où les Noirs vont essayer de réaliser le petit avantage.
Le problème du GMI est que l'échange des Q s'est traduit par l'installation
d'un N actif en c5 qui gêne le développement de l'aile-dame} b6 (22... Rd8 $143
23. Bf3 $1 {[%csl Ra8,Rb7]}) 23. Bf3 Ra7 {[%cal Ga7c7]} 24. Ne4 (24. Nd3 Rc7 {
[%csl Rc2][%cal Gc8e6,Gf8c8]}) 24... Nxe4 25. Bxe4 Be6 (25... Re8 26. Bd3) 26.
Rd2 Rc8 (26... Rc7) (26... Rd7 $5 {L'échange d'une paire de R doit
probablement favoriser les Noirs} 27. Rxd7 (27. Rad1 $2 Rxd2 28. Rxd2 Bxa2)
27... Bxd7 28. Rd1 Be6 29. a4 (29. a3)) 27. a4 b5 {Une erreur de saisie} 28.
Rd4 (28. axb5) 28... bxa4 29. Raxa4 a5 30. Kf2 Kf8 31. Ke3 Bd7 32. Ra3 {
suite illisible et nulle au 56ème coup} 1/2-1/2

[Event "Sinquefield Cup 5th"]
[Site "Saint Louis"]
[Date "2017.08.08"]
[Round "6"]
[White "Caruana, Fabiano"]
[Black "Vachier Lagrave, Maxime"]
[Result "1/2-1/2"]
[WhiteElo "2807"]
[BlackElo "2791"]
[Annotator "Quintiliano,R"]
[PlyCount "60"]
[EventDate "2017.08.02"]
[EventType "tourn"]
[EventRounds "9"]
[EventCountry "USA"]
[EventCategory "22"]
[SourceTitle "CBM 180"]
[Source "ChessBase"]
[SourceDate "2017.09.13"]
[SourceVersion "1"]
[SourceVersionDate "2017.09.13"]
[SourceQuality "1"]

1. e4 c5 2. Nf3 d6 3. d4 cxd4 4. Nxd4 Nf6 5. Nc3 a6 6. Bg5 {The 6.Bg5
variation has always been a very aggressive and principled weapon against the
Najdorf, but in the last two years we have seen its practice growing
considerably among the elite, Caruana being the one who has presented more
interesting and dangerous ideas for White. In this game, he again manages to
surprise his opponent, no less than one of the greatest world specialists in
the Najdorf with the Black pieces.} e6 (6... Nbd7 {is an interesting option
for Black, but curiously MVL never gave a chance to this move.}) 7. f4 h6 {
MVL likes this move before ...Qb6.} (7... Qb6 {used to be the main move, and
at the level of these guys, theory was so deeply developed that the likely
result seems to be a draw. Until recently, when Caruana showed his
prepararions and played} 8. Qd3 $5 Qxb2 9. Rb1 Qa3 10. f5 Be7 11. fxe6 fxe6 12.
Be2 Qa5 13. Bd2 Qc7 14. g4 h6 15. Rg1 $5 $146 {Caruana had studied this
simple-looking but interesting move} (15. Qh3 {[%cal Gg4g5];Gashimov,V (2759)
-Grischuk,A (2736) WchT 7th Bursa 2010 (4.1) 0-1 is one of the points behind 8.
Qd3, and was played in one of the most fascinating games that I've ever seen -}
) 15... Bd7 (15... Nc6 16. g5 $6 {Hector,J (2497)-Sagit,R (2406) SWE-ch
Stockholm 2017 (5) 0-1} Nxd4 17. Qxd4 hxg5 18. Rxg5 Kf8 $15) 16. g5 hxg5 17.
Rxg5 Nc6 $6 {Black focussed just on finishing his development as soon as
possible, but he missed an important idea for White in this process} (17... Rh7
$5) 18. Rxg7 O-O-O $2 (18... Nxd4 19. Qxd4 Rf8 20. Rb3 $1 {a mysterious move,
which I'm totally sure Caruana had prepared, as the rook can be useful in the
third rank for attacking purposes either if Black keeps his king in the centre,
or if he plays 0-0-0}) 19. Ncb5 $1 {after this unexpected blow, Black needs to
find the correct defence to keep things even} axb5 20. Nxb5 Ne5 $8 (20... Qb8
21. Rxe7 $1) 21. Nxc7 Nxd3+ 22. cxd3 Ng8 $2 (22... Rxh2 $1 23. Rxe7 Rh1+ 24.
Bf1 Rf8 $1 {[%csl Gc7][%cal Yf8f1,Yh1f1] and Black is regaining the piece} 25.
Rc1 Kb8 26. Nxe6 (26. Ke2 Rh2+ 27. Ke3 e5 $1 {[%cal Gf6g4] is even dangerous
for White}) 26... Bxe6 27. Bh6 $1 Rxh6 28. Rxe6 Rh1 29. Kd2 (29. Ke2 Ng4) 29...
Nxe4+ 30. dxe4 Rhxf1 31. Rxf1 Rxf1 32. Rxd6 Kc7 $11 {and the variation ends in
a drawish endgame. Modern theory!}) 23. Na8 $1 Kb8 24. Nb6 Bc6 25. Bf4 $16 {
Caruana,F (2808)-Nakamura,H (2785) Norway Chess 5th 2017 (9) 1-0 and White
converted his material advantage -}) 8. Bh4 Qb6 9. a3 Be7 10. Qd3 $5 $146 {
Caruana's new idea for this game, but actually it is not his idea, as he said
in the interview after game that it was a suggestion of his friend, Norwegian
GM Torbjorn Hansen.} ({Earlier this year, another game between the same
players went} 10. Bf2 Qc7 11. Qf3 Nbd7 12. O-O-O b5 13. g4 Bb7 ({Caruana won
another beautiful game against} 13... g5 14. h4 gxf4 15. Be2 $1 b4 16. axb4 Ne5
17. Qxf4 Nexg4 18. Bxg4 e5 {and Caruana now played} 19. Qxf6 $1 Bxf6 20. Nd5
Qd8 21. Nf5 $1 {[%csl Gd5,Gf5][%cal Yf2b6] a surprisingly strong queen
sacrifice, as it's very difficult for Black's pieces to find good squares,
especially the queen} Rb8 $2 22. Nxf6+ Qxf6 23. Rxd6 $16 {Caruana,F (2823)
-Nakamura,H (2779) London Classic 8th 2016 (6) 1-0}) 14. h4 d5 $1 {A typical
Sicilian counter-blow in the centre for Black} 15. e5 Ne4 {Caruana,F (2817)
-Vachier Lagrave,M (2803) Grenke Chess Classic 4th 2017 (5) 1/2 and Black is
in the way to get a good position -}) 10... Nbd7 {Cautious, Vachier-Lagrave
avoids the complicated lines which mean stepping along a totally unknown path.}
(10... Nxe4 $5 {leads to interesting positions} 11. Bxe7 Nxc3 (11... Qxb2 $5 {
seems kind of risky, but actually Black is not worse in the ensuing
complications} 12. Nxe4 Qxa1+ 13. Kf2 Kxe7 14. Nf5+ $1 exf5 15. Qxd6+ Ke8 16.
Bb5+ $1 axb5 17. Rxa1 fxe4 18. Qe5+ Kd8 19. Rd1+ Bd7 20. Qxg7 Re8 {and despite
White's temporary activity, and some pawns dropping on the kingside, Black has
too many pieces for the queen} 21. Qxf7 Rxa3 {it's likely that Caruana had
studied this endgame a lot, but I like Black's chances}) 12. Qxc3 (12. Bxd6 $5)
12... Kxe7 13. O-O-O Rd8 {White seems to have enought compensation for the
pawn, as he can develop a quick initiative on the kingside} 14. g4 $5 Nc6 15.
Bg2 Nxd4 16. Rxd4 Bd7 17. Rhd1 Rac8 18. Qd2 d5 19. f5 $40) (10... Qxb2 $6 {
even for a strong player like Vachier-Lagrave, this is playing with fire} 11.
Nb3 {[%cal Ga1a2]} Nxe4 $8 12. Nxe4 Bxh4+ 13. Kd2 $1 (13. g3 Bf6) 13... Nc6 $8
(13... O-O 14. Nc3 Bf6 15. Na4 {[%csl Rb2]}) (13... Bf6 14. Nxd6+ Ke7 15. Nc4
Rd8 16. Nxb2 Bxb2 17. Ra2 Bf6 18. g3 $14) 14. Nxd6+ Kf8 (14... Ke7 15. Nc4 Qf6
16. Qd6+ Ke8 17. g3 e5 18. Bg2 $1) 15. Nc4 Qf6 16. g3 {[%csl Rh4] and after} b5
17. Nd6 e5 18. Ne4 Qe7 19. gxh4 $14 {Black can try to fight because of the
exposed Kd2, but objectively White is clearly better.}) (10... Nc6 {This is
possible also.}) (10... d5 $5 {Caruana said this move is also an option for
Black.}) 11. O-O-O g5 $6 {This doesn't look good for Black, and his position
will become somewhat uncomfortable.} (11... Nc5 12. Qe2 Nfxe4 $6 {again this
idea leaves White with a pleasant position} 13. Nxe4 Bxh4 14. Nf5 $1 Nxe4 15.
Qxe4 Be7 (15... d5 16. Nxg7+ Kf8 17. Qe5 f6 18. Qe2 Kxg7 19. g3 $14) 16. Nxe7
Kxe7 17. Bc4 {and White has good compensation} Kf8 (17... Re8 18. Rhe1 Qc5 19.
Bb3 Bd7 20. f5 $36) 18. Rhe1 g6 19. g4 $1 {and still is not easy for Black to
finish development} d5 $2 20. Qe5 Rg8 21. Bd3 $16 {[%cal Yf4f5]}) (11... O-O
12. g4 $36) (11... Qc7 12. Qg3 g5 $6 (12... O-O 13. Be2 Nc5 14. Bf3 {looks
promising for White}) 13. fxg5 Nh5 14. Qe3 (14. Qg4 hxg5 15. Bxg5 Ne5 16. Qh4
Ng6 17. Qg4 Ne5 $11) 14... Qc5 15. Kb1 hxg5 16. Bf2 $14) 12. fxg5 Ne5 ({
Caruana said} 12... Ng4 {could be a better version for Black, but after} 13.
Qd2 $1 {White has the advantage, like in the game} Qd8 (13... Qc5 14. Be2 hxg5
15. Na4 $1 Qc7 16. Bxg5) (13... hxg5 14. Bxg5 Bxg5 15. Qxg5 Nf2 16. Nd5 $1 exd5
17. Nf5 f6 18. Qg7 $18) 14. Nf3 Nge5 15. Bf2 $1 hxg5 16. Be3 b5 $5 (16... Rg8
17. Be2 {[%csl Ge8] Despite his solid position, Black has problems to find a
good place for his king}) 17. Be2 $1 (17. Nxg5 Ng4 18. Nf3 Nxe3 19. Qxe3 Qc7
$44) 17... Rg8 18. Nxe5 Nxe5 19. Bd4 $16 {[%cal Yh1f1,Ye2h5] White has a clear
plan, which is Rhf1-Bh5 and Black is in trouble.}) 13. Qd2 Nh7 {[%csl Gh7]
Black regains the pawn, but the knight is in an awkward position on h7.} 14.
Nf3 hxg5 15. Bf2 ({Caruana also considered} 15. Bg3 Qc7 16. Qd4 f6 {and Black
is kind of solid, but then} 17. h4 $1 {[%cal Yh1h8] is a good way to exploit
the advantage in development opening the h-file} Nf8 18. Be2 gxh4 19. Bxh4 Bd7
{Black is finishing development, but White's pieces enjoys more freedom and
activity, for example} 20. Bf2 Rxh1 21. Rxh1 O-O-O 22. Qa7 Nc6 23. Qe3 $16 {
[%cal Yc3a4,Yh1h6]}) 15... Qc7 16. Be2 $16 {White has a clear advantage, as
his pieces are all well developed and his plan to exploit the advantage is
pretty easy.} Bd7 17. h4 $1 {[%csl Gh7][%cal Yh1h8] In general, when you are
ahead in development, a good way to proceed is to open the position and create
concrete threats, and here the h-file is especially good due to the Nh7.} Rg8 (
17... O-O-O 18. Nxg5 {White just wins a pawn.}) 18. h5 $1 {[%csl Gh5] A good
practical choice, creating a strong passed pawn and keeping the Nh7 passive.} (
18. hxg5 Nxg5 19. Rh5 {also attracted Caruana's attention, and in fact, after}
Ngxf3 20. gxf3 O-O-O 21. f4 Ng4 22. Bd4 {White still definitely has the
advantage, although, as Caruana said, it is not so easy to see how to increase
this advantage} (22. Bxg4 Rxg4 23. Rh7 $14)) 18... g4 $1 {Black should play
this move before White can do it.} (18... O-O-O 19. Nxe5 dxe5 20. g4 $1 {
[%csl Yh5,Gh7] and Black is strategically lost - Caruana.}) 19. Nxe5 dxe5 20.
Bh4 $1 {I like this move because it forces the exchange of the dark-squared
bishops, and White will be able to attack the weak g4-pawn.} Bc6 21. Qe3 Bxh4
22. Rxh4 Qe7 $1 {This is a smart idea by Vachier-Lagrave.} 23. Rxg4 $2 {
Strangely, after taking this pawn, White cannot win the game!} (23. Qg3 $1 {
was better} Qg5+ 24. Kb1 Nf6 {[%csl Ye4,Yh5] Caruana stopped his calculations
at this point, but White keeps the advantage with} 25. Rf1 $1 (25. h6 {is also
good} Rh8 26. Rf1 Rxh6 27. Rxh6 Qxh6 28. Qf2 Ke7 29. Qc5+ Ke8 30. Qxe5 $16)
25... Nxh5 26. Qf2 $1 {[%csl Rf7,Rg4] and now Black is the one who has some
problems to defend his pawns} f5 (26... Rf8 27. Rxg4 Qe7 28. g3 O-O-O 29. Rh4
Ng7 30. Rh7 $16) 27. Bxg4 $1 {and Black is almost lost, for example} Nf4 28.
Bf3 O-O-O 29. exf5 Bxf3 30. gxf3 Qxf5 (30... exf5 31. Qc5+) 31. Qa7 $18) 23...
Rxg4 24. Bxg4 Qg5 $1 {After the exchange of queens, Black is able to creat a
solid blockade and White's material advantage is not enough to win.} 25. Qxg5
Nxg5 26. Bf3 Ke7 27. Kd2 Rh8 28. Rh1 f5 $1 29. Ke3 Kf6 30. b4 b5 {There's no
way to break Black's position. Again, Caruana surprised us with interesting
ideas in the 6.Bg5 Najdorf, but Vachier Lagrave made a surprising escape!}
1/2-1/2